UM Logo

Comparing relationship satisfaction and conflict resolution tactics of Filipino gay, lesbian, and heterosexual individuals in Romantic relationship/ (Record no. 3807)

MARC details
000 -LEADER
fixed length control field 00783nam a2200193 4500
005 - DATE AND TIME OF LATEST TRANSACTION
control field 20250823062518.0
008 - FIXED-LENGTH DATA ELEMENTS--GENERAL INFORMATION
fixed length control field 160811b xxu||||| |||| 00| 0 eng d
022 ## - INTERNATIONAL STANDARD SERIAL NUMBER
International Standard Serial Number 01153153
082 ## - DEWEY DECIMAL CLASSIFICATION NUMBER
Classification number DPer 150.5 P53 June-Dec 2013 v. 46, n. 1 & 2
100 ## - MAIN ENTRY--PERSONAL NAME
9 (RLIN) 12667
Personal name Kintanar, Niel Steve M.
243 ## - COLLECTIVE UNIFORM TITLE
Unifor title <a href=" "> </a>
245 ## - TITLE STATEMENT
Title Comparing relationship satisfaction and conflict resolution tactics of Filipino gay, lesbian, and heterosexual individuals in Romantic relationship/
Statement of responsibility, etc. Niel Steve M. Kintanar.
260 ## - PUBLICATION, DISTRIBUTION, ETC. (IMPRINT)
Place of publication, distribution, etc. Quezon City:
Name of publisher, distributor, etc. Psychological Association of the Philippines,
Date of publication, distribution, etc. ©2013.
300 ## - PHYSICAL DESCRIPTION
Extent v46 n2, pages 133-148;
Dimensions 24 cm.
500 ## - GENERAL NOTE
General note Philippine Journal of Psychology.
650 #0 - SUBJECT ADDED ENTRY--TOPICAL TERM
Topical term or geographic name as entry element Conflict resolution.
9 (RLIN) 12669
650 #0 - SUBJECT ADDED ENTRY--TOPICAL TERM
9 (RLIN) 19399
Topical term or geographic name as entry element Same-sex marriage
942 ## - ADDED ENTRY ELEMENTS (KOHA)
Source of classification or shelving scheme Dewey Decimal Classification
Koha item type Periodicals
Holdings
Withdrawn status Lost status Source of classification or shelving scheme Damaged status Not for loan Collection code Home library Current library Date acquired Total Checkouts Full call number Date last seen Price effective from Koha item type Public note
    Dewey Decimal Classification     Periodicals UM Digos College - LIC UM Digos College - LIC 08/11/2016   DPer 150.5 P53 June-Dec 2013 v. 46, n. 1 & 2 08/11/2016 08/11/2016 Periodicals Periodical article